| 000 | 00440nam a2200205Ia 4500 | ||
|---|---|---|---|
| 001 | 13819 | ||
| 003 | GE_BSU | ||
| 008 | 181216s||||||||xx |||||||||||||| ||und|| | ||
| 020 | _a0747265011 | ||
| 040 | _cGE_BSU | ||
| 080 | _a821.111-3 | ||
| 100 | _aKellerman,Jonathan. | ||
| 245 | 4 | _aThe murder book. | |
| 260 | _aLondon. | ||
| 260 | _bHeadline. | ||
| 260 | _c2003 | ||
| 300 | _a567p;18cm. | ||
| 653 | _aThe murder book. | ||
| 942 | _cBK | ||
| 999 |
_c46965 _d46965 |
||